000 nam a22 7a 4500
999 _c126490
_d126490
008 170524b xxu||||| |||| 00| 0 eng d
020 _a9780143114055
050 _aPZ4.C183 A8 2009
100 _aCamilleri, Andrea
_931007
245 _aAugust Heat
_cAndrea Camilleri, translated by Stephen Sartarelli
260 _aNew York
_bPenguin Books
_c2009
300 _a278p. ;
_c20cm.
440 _aAn Inspector Montalbano Mystery
_931006
942 _2lcc
_cMONOGRAPH